000 00320nam a22001337a 4500
008 170530b xxu||||| |||| 00| 0 eng d
020 _a9781856492447
041 _aeng
080 _a94
100 _a17
101 _aSHH
245 _aFEMNIST PERSPECTIVES ON SUSTANBLE DEVELOPMENT
_cHARCONT.W
942 _2udc
_cBK
999 _c15090
_d15090